The British Crown and the Indian states "an outline sketch presented to the Indian states Committee on behalf of the standing Committee of Chamber of Princes (Record no. 490480)

000 -LEADER
fixed length control field 00432cam a22001097a 4500
008 - FIXED-LENGTH DATA ELEMENTS--GENERAL INFORMATION
fixed length control field 180718b1929 xxu||||| |||| 00| 0 eng d
082 ## - DEWEY DECIMAL CLASSIFICATION NUMBER
Classification number C43x54 Un3sm
100 ## - MAIN ENTRY--PERSONAL NAME
Personal name United Kingdom. Indian States Committee
245 ## - TITLE STATEMENT
Title The British Crown and the Indian states "an outline sketch presented to the Indian states Committee on behalf of the standing Committee of Chamber of Princes
260 ## - PUBLICATION, DISTRIBUTION, ETC.
Place of publication, distribution, etc. London
Name of publisher, distributor, etc. The author
Date of publication, distribution, etc. 1929
300 ## - PHYSICAL DESCRIPTION
Extent 158+p.
Holdings
Withdrawn status Lost status Damaged status Not for loan Permanent Location Current Location Date acquired Full call number Barcode Date last seen Price effective from Koha item type
        Indian Institute of Public Administration Indian Institute of Public Administration 2018-08-04 C43x54 Un3sm GR4707 2018-08-04 2018-08-04 GR

Powered by Koha